000 00334nam a22001457a 4500
008 230707b ||||| |||| 00| 0 eng d
020 _a9781111571740
041 _aeng
080 _210E
_a004
082 _a004
100 _a18
101 _aSHKI
245 _aCENTURY 21 DIGITAL INFORMATION MANAGEMENT
_cHOGGATT
942 _2udc
_cBK
999 _c60136
_d60136